• 首页
  • 本馆介绍
  • 公告通知
  • 最新文献
  • 馆藏检索
  • 电子资源
  • 读者导购
  • 参考咨询
  • 我的图书馆
  • 登录
  • 详细信息显示
  • 放入我的书架
  • 预约/预借图书
  • 作者相关作品
  • 分类相关作品
  • 丛书相关作品
  • 出版社相关作品

书目信息

  • 表格格式
  • 工作单格式
  • 卡片格式
题名:
中国交通图册
    
 
作者: ;地图出版社 编制
分册:  
出版信息: 北京   中国地图出版社  
页数: 136页
开本: 18cm
丛书名:
单 册:
中图分类: K992.9
科图分类:
主题词: 交通图--中国 , 地图
电子资源:
ISBN: 7-5031-0306-X
000 00707nam0 2200241 45
001 0179007863
005 20040513170811.9
010    @a7-5031-0306-X@dCNY3.50
100    @a19950716d1979 em y0chiy0121 ea
101 0  @achi
102    @aCN@b110000
105    @aa z 000yy
106    @ar
200 10 @a中国交通图册@Azhong guo jiao tong tu ce@f中国地图出版社编制@FZhong Guo Di Tu Chu Ban She Bian Zhi
210    @a北京@c中国地图出版社
215    @a136页@d18cm
300    @a出差·旅行适用
606    @a交通图@y中国
606 0  @a地图
690    @aK992.9@v3
711 02 @a地图出版社@Adi tu chu ban she@4编制
801  0 @aCN@bNLC@c20040513
905    @dK992.9@e12=4@f2@b243400-401@f1@b243395@b243393-394@f2
    
    中国交通图册/中国地图出版社编制.-北京:中国地图出版社
    136页;18cm
    出差·旅行适用
    
    ISBN 7-5031-0306-X:CNY3.50
    
●
相关链接 在E读中查询图书 在五车中查询图书 在当当中查询图书 在豆瓣中查询图书


正题名:中国交通图册     索取号:K992.9/12=4         预约/预借

序号 登录号 条形码 馆藏地/架位号 状态 备注
1 0243393   000082779   第二借阅区/ [索取号:K992.9/12=4] 在馆    
2 0243394   000082751   密集书库/ [索取号:K992.9/12=4] 在馆    
3 0243395   000082742   密集书库/ [索取号:K992.9/12=4] 在馆    
4 0243400   000082733   第二借阅区/ [索取号:K992.9/12=4] 在馆    
5 0243401   001694465   第二借阅区/ [索取号:K992.9/12=4] 在馆    
6 0243402   000082760   第二样本阅览室/ [索取号:K992.9/12=4] 在馆    
唐山师范学院图书馆 欢迎您!
大连网信软件有限公司© 版权所有